| 000 | 00567nam a2200169 a 4500 | ||
|---|---|---|---|
| 001 | 4323 | ||
| 003 | CDMR | ||
| 005 | 20151016133001.0 | ||
| 008 | 130130s2003||||||||||||||||||||||||||||d | ||
| 020 | _a8449701198 | ||
| 040 |
_aCDMR _bcat _cCDMR |
||
| 245 | 0 | 0 |
_aDirectori de comunicació ambiental _b: professionals i mitjans a Catalunya |
| 260 |
_aBarcelona _c2003 _bAssociació Catalana de Comunicació Científica |
||
| 650 | 0 | 4 |
_92077 _aMitjans de comunicació de massa i medi ambient |
| 710 | 2 |
_93892 _aAssociació Catalana de Comunicació Científica |
|
| 942 |
_cMON _2udc |
||
| 999 |
_c4323 _d4323 |
||